ʻUlamā-yi Shīʻah va qudrat-i siyāsī : taḥlīlī az mabānī-i naẓarī-i qudrat-i ʻulamā va sayr-i tarīkhī-i ān /
Saved in:
| Main Author: | |
|---|---|
| Format: | Book |
| Language: | Persian |
| Published: |
Bethesda, MD :
IBEX Publishers,
2004.
|
| Subjects: | |
| Tags: |
Add Tag
No Tags, Be the first to tag this record!
|
| LEADER | 01067pam a22003134a 4500 | ||
|---|---|---|---|
| 001 | 009555518-8 | ||
| 005 | 20050218105142.0 | ||
| 008 | 040421s2004 mdu b 000 0 per | ||
| 010 | |a 2004049705 | ||
| 020 | |a 1588140350 (alk. paper) | ||
| 035 | 0 | |a ocm55067688 | |
| 040 | |a DLC |c DLC | ||
| 042 | |a pcc | ||
| 050 | 0 | 0 | |a BP194.9.G68 |b K39 2004 |
| 082 | 0 | 0 | |a 297.6/1 |2 22 |
| 100 | 1 | |a Kazemi Moussavi, Ahmad. | |
| 245 | 1 | 0 | |a ʻUlamā-yi Shīʻah va qudrat-i siyāsī : |b taḥlīlī az mabānī-i naẓarī-i qudrat-i ʻulamā va sayr-i tarīkhī-i ān / |c Aḥmad Kāẓimī Mūsavī. |
| 246 | 1 | |i Title on p. [4] of cover: |a Shiite ʻulamā and political power | |
| 260 | |a Bethesda, MD : |b IBEX Publishers, |c 2004. | ||
| 300 | |a 214 p. ; |c 23 cm. | ||
| 504 | |a Includes bibliographical references. | ||
| 650 | 0 | |a Shīʻah |x Government. | |
| 650 | 0 | |a Shīʻah |x Political aspects. | |
| 650 | 0 | |a Ulama |x Political activity. | |
| 650 | 0 | |a Islam and politics. | |
| 650 | 0 | |a Islam and state. | |
| 752 | |a United States |b Maryland |d Bethesda. | ||
| 988 | |a 20050218 | ||
| 906 | |0 DLC | ||


